000 00493nam a2200181Ia 4500
005 20250508155358.0
008 008 250505s9999 xx 000 0 eng d
037 _aBooks to be hide in OPAC
040 _aFEDL
_beng
_cFEDL
041 _aeng
_2eng
084 _a823, TSE/O
_qFEDL
100 _aTse-Wei Tung
_9766939
245 0 _aChu yuan
260 _aPeking, China
_bForeign Languages Press
_c1957
300 _a103p.
942 _cHB
_h823, TSE/O
999 _c1356365
_d1356365